[Event "Chess Festival 2008 - IM Dopravni Stavb"]
[Site "Brno CZE"]
[Date "2008.06.27"]
[Round "1.1"]
[White "Andonov, Bogomil"]
[Black "Murdzia, Piotr"]
[Result "1/2-1/2"]
[WhiteElo "2334"]
[BlackElo "2471"]
[PlyCount "104"]
[EventDate "2008.06.27"]
[EventType "tourn"]
[EventRounds "11"]
[EventCountry "CZE"]
[Source "lmi"]
[SourceDate "2008.06.27"]

1. Nf3 g6 2. d4 Bg7 3. c4 Nf6 4. Nc3 O-O 5. e4 c6 6. Bd3 d6 7. h3 Nbd7 8. g4 e5
9. d5 Nc5 10. Bc2 cxd5 11. cxd5 Bd7 12. b4 Na6 13. a3 Qc7 14. Bd2 Rfc8 15. Bd3
Qd8 16. Qe2 Nc7 17. Bg5 h6 18. Bd2 Ncxd5 19. exd5 e4 20. Bxe4 Nxe4 21. Nxe4
Bxa1 22. Bxh6 Qe7 23. O-O Bh8 24. Bg5 Bb5 25. Qxb5 Qxe4 26. Nd2 Qe5 27. Be3 Rc7
28. Nf3 Qe7 29. Re1 Qe8 30. Qa5 Re7 31. Kg2 Bf6 32. g5 Bg7 33. a4 Bc3 34. Re2
b6 35. Qa6 Bxb4 36. Nh2 Bc3 37. Ng4 Bg7 38. Rc2 Re4 39. Rc6 Rxg4+ 40. hxg4 Qe4+
41. Kf1 Qxd5 42. Rc8+ Rxc8 43. Qxc8+ Kh7 44. Qd7 Be5 45. Qxa7 Qd1+ 46. Kg2
Qxg4+ 47. Kf1 Qd1+ 48. Kg2 Qg4+ 49. Kf1 Kg7 50. Bxb6 Qd1+ 51. Kg2 Qg4+ 52. Kf1
Qd1+ 1/2-1/2

[Event "Chess Festival 2008 - IM Dopravni Stavb"]
[Site "Brno CZE"]
[Date "2008.06.27"]
[Round "1.3"]
[White "Skacelik, Petr"]
[Black "Holemar, David"]
[Result "1/2-1/2"]
[WhiteElo "2260"]
[BlackElo "2321"]
[PlyCount "141"]
[EventDate "2008.06.27"]
[EventType "tourn"]
[EventRounds "11"]
[EventCountry "CZE"]
[Source "lmi"]
[SourceDate "2008.06.27"]

1. d4 Nf6 2. c4 g6 3. Nc3 Bg7 4. e4 d6 5. f3 O-O 6. Be3 a6 7. Qd2 Nbd7 8. Nge2
c5 9. d5 b5 10. cxb5 Ne5 11. Ng3 h5 12. Be2 h4 13. Nf1 h3 14. gxh3 axb5 15.
Nxb5 Ba6 16. Kf2 Qd7 17. a4 Nxf3 18. Bxf3 Bxb5 19. Ng3 Rxa4 20. Rxa4 Bxa4 21.
Kg2 Rb8 22. Rb1 Rb4 23. Qc1 Bb3 24. Bd2 Ra4 25. Bc3 Ra2 26. h4 Qa4 27. Qe3 Kh7
28. h5 Bh6 29. hxg6+ fxg6 30. Qf2 Ra1 31. Rxa1 Qxa1 32. h4 Qc1 33. h5 gxh5 34.
Bxh5 Qf4 35. Bf3 Bg5 36. Qe2 Kg8 37. Nf1 Qc1 38. Bd2 Bxd2 39. Qxd2 Qxd2+ 40.
Nxd2 Bc2 41. Kg3 Nd7 42. Kf4 Kg7 43. Ke3 Kf6 44. Be2 Ne5 45. Nf3 Ng4+ 46. Kf4
Nf2 47. Nd2 Nh3+ 48. Ke3 Ng5 49. Kf4 Nh3+ 50. Ke3 Ba4 51. Nf3 Bd7 52. Bf1 Ng5
53. Nxg5 Kxg5 54. Bg2 Bb5 55. Bf3 Bc4 56. Bg2 Kh4 57. Bf3 Kg3 58. Bh5 Kg2 59.
Be8 Kg3 60. Bf7 Kg4 61. Be6+ Kg5 62. Bc8 Bb3 63. Bd7 Bd1 64. Bb5 Bg4 65. Bf1
Bd7 66. Bc4 Kf6 67. Kf4 Be8 68. Be2 Bg6 69. Bg4 Be8 70. Be2 Bd7 71. Bc4 1/2-1/2

[Event "Chess Festival 2008 - IM Dopravni Stavb"]
[Site "Brno CZE"]
[Date "2008.06.27"]
[Round "1.4"]
[White "Zavadil, Michal"]
[Black "Splosnov, Sergei"]
[Result "0-1"]
[WhiteElo "2113"]
[BlackElo "2355"]
[PlyCount "110"]
[EventDate "2008.06.27"]
[EventType "tourn"]
[EventRounds "11"]
[EventCountry "CZE"]
[Source "lmi"]
[SourceDate "2008.06.27"]

1. d4 d5 2. c4 e6 3. Nc3 c6 4. e4 dxe4 5. Nxe4 Bb4+ 6. Bd2 Qxd4 7. Bxb4 Qxe4+
8. Be2 Na6 9. Bc3 f6 10. Nf3 Ne7 11. O-O O-O 12. b4 Ng6 13. Bd3 Qg4 14. h3 Qh5
15. Re1 Nf4 16. Bf1 e5 17. b5 Nc7 18. Bb4 Re8 19. bxc6 bxc6 20. Qd6 c5 21. Bxc5
Bb7 22. Re3 Nce6 23. Ba3 Rad8 24. Qb4 Nxh3+ 25. gxh3 Bxf3 26. c5 Rd4 27. Qb3
Qg5+ 28. Kh2 Qf4+ 29. Kg1 Bd5 30. Qb5 Rd8 31. c6 Rd2 32. Be2 Nc7 33. Qb4 Bxc6
34. Qxf4 exf4 35. Re7 Nb5 36. Bb4 R2d7 37. Bc4+ Kh8 38. Rxd7 Rxd7 39. Re1 Rd4
40. Rc1 h5 41. Bc5 Rd2 42. Rb1 Rc2 43. Bxb5 Rxc5 44. Bxc6 Rxc6 45. Rb5 h4 46.
Kg2 Ra6 47. Rh5+ Kg8 48. Rxh4 g5 49. Rg4 Kf7 50. h4 Kg6 51. hxg5 fxg5 52. Kf3
Ra3+ 53. Ke4 Rxa2 54. Rg2 a5 55. Kf3 Kf5 0-1

[Event "Chess Festival 2008 - IM Dopravni Stavb"]
[Site "Brno CZE"]
[Date "2008.06.27"]
[Round "1.5"]
[White "Lahner, Jakub"]
[Black "Vesely, Jaromir"]
[Result "1-0"]
[WhiteElo "2314"]
[BlackElo "2074"]
[PlyCount "77"]
[EventDate "2008.06.27"]
[EventType "tourn"]
[EventRounds "11"]
[EventCountry "CZE"]
[Source "lmi"]
[SourceDate "2008.06.27"]

1. d4 d5 2. c4 e6 3. Nc3 Nf6 4. Nf3 c6 5. Bg5 Nbd7 6. e3 Qa5 7. Qc2 Ne4 8. cxd5
cxd5 9. Bd3 Bb4 10. O-O h6 11. Bf4 Nxc3 12. a3 Be7 13. b4 Qd8 14. Qxc3 O-O 15.
Rfc1 Nf6 16. Bc7 Qe8 17. Ne5 Bd7 18. Nxd7 Qxd7 19. a4 a6 20. b5 Rfc8 21. Qa5
Ne8 22. Bb6 axb5 23. Bxb5 Qd6 24. Rxc8 Rxc8 25. Bc5 Rxc5 26. dxc5 Qe5 27. Rb1
Nf6 28. Be2 Ne4 29. Qa8+ Kh7 30. Bd3 Bxc5 31. Qxb7 f5 32. Bxe4 fxe4 33. Qb2 d4
34. exd4 Bxd4 35. Qc2 Kg8 36. Re1 e3 37. fxe3 Bxe3+ 38. Kh1 Qd4 39. Qe2 1-0

[Event "Chess Festival 2008 - IM Dopravni Stavb"]
[Site "Brno CZE"]
[Date "2008.06.27"]
[Round "1.6"]
[White "Janko, Zoltan"]
[Black "Narayanan, Srinath"]
[Result "0-1"]
[WhiteElo "2235"]
[BlackElo "2220"]
[PlyCount "82"]
[EventDate "2008.06.27"]
[EventType "tourn"]
[EventRounds "11"]
[EventCountry "CZE"]
[Source "lmi"]
[SourceDate "2008.06.27"]

1. e4 e5 2. Nf3 Nc6 3. d4 exd4 4. Nxd4 Bc5 5. Nxc6 Qf6 6. Qd2 dxc6 7. Nc3 Bd4
8. Bd3 Ne7 9. O-O Ng6 10. Ne2 Bb6 11. Qc3 Qxc3 12. Nxc3 Ne5 13. Be2 Bd4 14. Na4
a6 15. Bf4 f6 16. Rad1 Ba7 17. Rd2 Be6 18. Rfd1 Ke7 19. b3 b5 20. Nb2 Bb6 21.
c3 Ng6 22. Bg3 a5 23. Kf1 Rhd8 24. h4 Rxd2 25. Rxd2 Ne5 26. Ke1 a4 27. bxa4 Ba5
28. f4 Bxc3 29. fxe5 bxa4 30. exf6+ gxf6 31. Nc4 Rd8 32. Kd1 Bxd2 33. Nxd2 Bxa2
34. Kc2 Rg8 35. Nf1 a3 36. Ne3 Rb8 37. Nf5+ Kd8 38. Nd4 Bb1+ 39. Kc1 a2 40.
Nxc6+ Ke8 41. Bh5+ Kf8 0-1

[Event "Chess Festival 2008 - IM Dopravni Stavb"]
[Site "Brno CZE"]
[Date "2008.06.28"]
[Round "2.2"]
[White "Vesely, Jaromir"]
[Black "Janko, Zoltan"]
[Result "0-1"]
[WhiteElo "2074"]
[BlackElo "2235"]
[PlyCount "56"]
[EventDate "2008.06.27"]
[EventType "tourn"]
[EventRounds "11"]
[EventCountry "CZE"]
[Source "lmi"]
[SourceDate "2008.06.27"]

1. d4 Nf6 2. Nf3 g6 3. c4 Bg7 4. Nc3 d5 5. cxd5 Nxd5 6. e4 Nxc3 7. bxc3 c5 8.
Be3 O-O 9. Qd2 Qa5 10. Be2 Nc6 11. Rc1 cxd4 12. cxd4 Qxd2+ 13. Kxd2 Rd8 14. Rc4
Nxd4 15. Nxd4 e5 16. Rc7 Be6 17. Rxb7 exd4 18. Bf4 d3 19. Bf3 Bxa2 20. Bc7 Bh6+
21. Kc3 Rd7 22. Ra1 Be6 23. Raxa7 Rc8 24. g3 d2 25. Bd1 Bg7+ 26. Kb4 Bd4 27.
Bb6 Rxb7 28. Rxb7 Bxb6 0-1

[Event "Chess Festival 2008 - IM Dopravni Stavb"]
[Site "Brno CZE"]
[Date "2008.06.28"]
[Round "2.3"]
[White "Splosnov, Sergei"]
[Black "Lahner, Jakub"]
[Result "1/2-1/2"]
[WhiteElo "2355"]
[BlackElo "2314"]
[PlyCount "63"]
[EventDate "2008.06.27"]
[EventType "tourn"]
[EventRounds "11"]
[EventCountry "CZE"]
[Source "lmi"]
[SourceDate "2008.06.27"]

1. Nf3 Nf6 2. c4 e6 3. g3 d5 4. d4 dxc4 5. Bg2 Nc6 6. O-O Rb8 7. a4 b6 8. Bg5
Be7 9. e3 O-O 10. Nfd2 Na5 11. Qc2 Ba6 12. Rd1 h6 13. Bxf6 Bxf6 14. Na3 Qe7 15.
Naxc4 Nxc4 16. Nxc4 c5 17. Ne5 Bxe5 18. dxe5 Rfd8 19. h4 Bb7 20. Bxb7 Rxb7 21.
Rxd8+ Qxd8 22. a5 Rd7 23. axb6 axb6 24. Qa4 Rd2 25. Qc6 Kh7 26. Qe4+ g6 27. Qf3
Kg7 28. Ra7 Rd7 29. Ra8 Qe7 30. Qc6 Rd8 31. Ra1 Rd5 32. Qxb6 1/2-1/2

[Event "Chess Festival 2008 - IM Dopravni Stavb"]
[Site "Brno CZE"]
[Date "2008.06.28"]
[Round "2.4"]
[White "Holemar, David"]
[Black "Zavadil, Michal"]
[Result "1-0"]
[WhiteElo "2321"]
[BlackElo "2113"]
[PlyCount "109"]
[EventDate "2008.06.27"]
[EventType "tourn"]
[EventRounds "11"]
[EventCountry "CZE"]
[Source "lmi"]
[SourceDate "2008.06.27"]

1. Nc3 b6 2. e4 Bb7 3. d4 e6 4. Bd3 Nf6 5. Nge2 d5 6. e5 Nfd7 7. Nf4 g6 8. Qg4
Qc8 9. O-O Ba6 10. Bxa6 Nxa6 11. Nxe6 Nxe5 12. Qe2 Qxe6 13. Qxa6 Ng4 14. Qb7
Rd8 15. Bg5 Qd6 16. Rfe1+ Kd7 17. g3 f6 18. Bf4 Qc6 19. Qa6 Bh6 20. Qe2 f5 21.
Qe7+ Kc8 22. Nb5 Kb7 23. Qxc7+ Qxc7 24. Bxc7 Rd7 25. Be5 Bg7 26. c3 a6 27. Bxg7
Rxg7 28. Na3 f4 29. Re6 fxg3 30. fxg3 Rf8 31. Rae1 Rff7 32. Nc2 Nxh2 33. R1e2
Ng4 34. Nb4 Rd7 35. a4 a5 36. Nd3 Rgf7 37. Kg2 Rf5 38. Kh3 Nf6 39. Ne5 Rc7 40.
Rd6 Rg7 41. Kg2 h5 42. b4 Ne4 43. Rxg6 Rxg6 44. Nxg6 Rg5 45. Nf4 Rxg3+ 46. Kh2
Rxc3 47. Nxd5 axb4 48. Rxe4 Rc2+ 49. Kg3 b3 50. Re7+ Kc6 51. Nb4+ Kd6 52. Rb7
Rc3+ 53. Kf4 Rc4 54. Rxb6+ Kd7 55. Ke5 1-0

[Event "Chess Festival 2008 - IM Dopravni Stavb"]
[Site "Brno CZE"]
[Date "2008.06.28"]
[Round "2.6"]
[White "Andonov, Bogomil"]
[Black "Kozak, Milos"]
[Result "1/2-1/2"]
[WhiteElo "2334"]
[BlackElo "2197"]
[PlyCount "112"]
[EventDate "2008.06.27"]
[EventType "tourn"]
[EventRounds "11"]
[EventCountry "CZE"]
[Source "lmi"]
[SourceDate "2008.06.27"]

1. Nf3 Nf6 2. c4 e6 3. g3 d5 4. b3 Be7 5. Bg2 O-O 6. Bb2 c6 7. O-O a5 8. Nc3
Nbd7 9. d4 b6 10. Nd2 Bb7 11. e4 dxe4 12. Ndxe4 Nxe4 13. Nxe4 Nf6 14. Qc2 Qc7
15. Ng5 h6 16. Nf3 c5 17. Rfd1 Rfd8 18. dxc5 bxc5 19. Rxd8+ Rxd8 20. Rd1 Be4
21. Qe2 Rxd1+ 22. Qxd1 Qd8 23. Qxd8+ Bxd8 24. Nd2 Bc2 25. Bc6 Kf8 26. f3 Ke7
27. Be5 g6 28. Kf2 Nd7 29. Bg7 h5 30. Bc3 Kd6 31. Ba4 Bb6 32. Ke3 f5 33. f4 Bd8
34. Nf3 Nf6 35. Ne5 Ne4 36. Be1 Bf6 37. Bxa5 Bxe5 38. fxe5+ Kxe5 39. Bc7+ Kf6
40. Bc6 Ke7 41. h4 Nc3 42. Kd2 Nxa2 43. Bb6 Kd6 44. Be8 Bxb3 45. Bxg6 Bxc4 46.
Bxh5 e5 47. Bg6 f4 48. g4 Bd5 49. Ba5 c4 50. Bb6 Ke6 51. Bf5+ Kf6 52. h5 c3+
53. Kc2 f3 54. Ba5 Bc6 55. Kd3 Bb5+ 56. Kc2 Bc6 1/2-1/2

[Event "Chess Festival 2008 - IM Dopravni Stavb"]
[Site "Brno CZE"]
[Date "2008.06.28"]
[Round "3.1"]
[White "Kozak, Milos"]
[Black "Murdzia, Piotr"]
[Result "0-1"]
[WhiteElo "2197"]
[BlackElo "2471"]
[PlyCount "84"]
[EventDate "2008.06.27"]
[EventType "tourn"]
[EventRounds "11"]
[EventCountry "CZE"]
[Source "lmi"]
[SourceDate "2008.06.27"]

1. d4 Nf6 2. c4 g6 3. Nc3 Bg7 4. e4 O-O 5. Nf3 c6 6. Bd3 d6 7. O-O Bg4 8. Be3
e5 9. d5 c5 10. Be2 Bc8 11. Ne1 Nbd7 12. a3 Ne8 13. g4 Kh8 14. Kh1 b6 15. Rg1
a6 16. Rb1 Ra7 17. Rg3 Ndf6 18. g5 Ng8 19. Bg4 f5 20. gxf6 Nexf6 21. Bxc8 Qxc8
22. f3 Nh5 23. Rg2 Bh6 24. Bg1 Nf4 25. Rc2 Nh3 26. Ne2 Nxg1 27. Nxg1 Nf6 28. b4
Nh5 29. Ng2 Nf4 30. Nxf4 Bxf4 31. Qd3 Raf7 32. Rcb2 g5 33. bxc5 Qxc5 34. Rxb6
Bxh2 35. Kxh2 Qf2+ 36. Kh1 Rf4 37. Qf1 Rh4+ 38. Nh3 Qg3 39. Qg2 Rxh3+ 40. Kg1
Qh4 41. Rb8 Rxb8 42. Rxb8+ Kg7 0-1

[Event "Chess Festival 2008 - IM Dopravni Stavb"]
[Site "Brno CZE"]
[Date "2008.06.28"]
[Round "3.2"]
[White "Skacelik, Petr"]
[Black "Andonov, Bogomil"]
[Result "1/2-1/2"]
[WhiteElo "2260"]
[BlackElo "2334"]
[PlyCount "159"]
[EventDate "2008.06.27"]
[EventType "tourn"]
[EventRounds "11"]
[EventCountry "CZE"]
[Source "lmi"]
[SourceDate "2008.06.27"]

1. d4 Nf6 2. c4 c5 3. d5 a6 4. Nc3 b5 5. cxb5 axb5 6. Nxb5 Ba6 7. Nc3 g6 8. e4
Bxf1 9. Kxf1 d6 10. Nf3 Nbd7 11. h3 Bg7 12. Kg1 O-O 13. Kh2 Qb6 14. Qc2 Rfb8
15. Rb1 Qa6 16. Re1 Ne8 17. a3 Nc7 18. Bf4 Nb5 19. Nxb5 Rxb5 20. Nd2 Rab8 21.
Nc4 Nb6 22. Nxb6 Qxb6 23. b4 cxb4 24. Rxb4 Rxb4 25. axb4 Qxb4 26. Re2 Qc3 27.
Qxc3 Bxc3 28. Bh6 Bg7 29. Bg5 f6 30. Bh4 Bh6 31. g4 Bf4+ 32. Bg3 Bxg3+ 33. Kxg3
Rb3+ 34. f3 Rd3 35. Kf2 Kf7 36. Re3 Rd4 37. Re1 f5 38. Ke3 Ra4 39. Kf4 fxe4 40.
fxe4 Ra3 41. Rh1 h6 42. h4 e5+ 43. dxe6+ Kxe6 44. Rh2 Ra1 45. g5 h5 46. Rg2
Rf1+ 47. Kg3 Ke5 48. Rd2 Rg1+ 49. Kh3 Rg4 50. Rd5+ Ke6 51. Rd4 Rf4 52. Kg3 Rg4+
53. Kh3 Rg1 54. Kh2 Re1 55. Kg3 Re3+ 56. Kg2 Rc3 57. Rd2 Re3 58. Rd4 Rc3 59.
Rd2 Rc4 60. Kf3 Rc5 61. Rd3 Rc7 62. Kg3 Rc4 63. Kf3 Rc1 64. Kg2 Re1 65. Rd4 Re3
66. Kh2 Ke5 67. Rd5+ Kxe4 68. Rxd6 Kf5 69. Rf6+ Kg4 70. Rxg6 Kxh4 71. Rf6 Kxg5
72. Rf2 h4 73. Rg2+ Kf4 74. Rf2+ Kg4 75. Rg2+ Rg3 76. Rxg3+ hxg3+ 77. Kg2 Kf4
78. Kg1 Kg4 79. Kg2 Kh4 80. Kg1 1/2-1/2

[Event "Chess Festival 2008 - IM Dopravni Stavb"]
[Site "Brno CZE"]
[Date "2008.06.28"]
[Round "3.4"]
[White "Lahner, Jakub"]
[Black "Holemar, David"]
[Result "1-0"]
[WhiteElo "2314"]
[BlackElo "2321"]
[PlyCount "78"]
[EventDate "2008.06.27"]
[EventType "tourn"]
[EventRounds "11"]
[EventCountry "CZE"]
[Source "lmi"]
[SourceDate "2008.06.27"]

1. d4 d5 2. Nf3 c6 3. c4 Nf6 4. Nc3 Bf5 5. cxd5 cxd5 6. Qb3 Qb6 7. Nxd5 Nxd5 8.
Qxd5 e6 9. Qb3 Qxb3 10. axb3 Bc2 11. e3 Bd6 12. Bc4 Nd7 13. Bd2 a6 14. Ke2 Be4
15. Bd3 Bc6 16. Rhc1 Nf6 17. h3 O-O 18. g3 Rfd8 19. Ba5 Rd7 20. Nd2 Bg2 21. h4
e5 22. Bf5 Re7 23. Nc4 Ne8 24. Nb6 Rb8 25. Nc8 exd4 26. Nxe7+ Bxe7 27. f3 b6
28. Bd2 Nd6 29. Bd7 Rb7 30. Bc6 Ra7 31. g4 Bxh4 32. Rg1 Rc7 33. Rac1 dxe3 34.
Bxe3 Re7 35. Rxg2 Bg5 36. Be4 Bxe3 37. Kxe3 f5 38. gxf5 Nxf5+ 39. Kf4 Nd6 1-0

[Event "Chess Festival 2008 - IM Dopravni Stavb"]
[Site "Brno CZE"]
[Date "2008.06.28"]
[Round "3.5"]
[White "Janko, Zoltan"]
[Black "Splosnov, Sergei"]
[Result "1/2-1/2"]
[WhiteElo "2235"]
[BlackElo "2355"]
[PlyCount "56"]
[EventDate "2008.06.27"]
[EventType "tourn"]
[EventRounds "11"]
[EventCountry "CZE"]
[Source "lmi"]
[SourceDate "2008.06.27"]

1. e4 e5 2. Nf3 Nf6 3. Nxe5 d6 4. Nf3 Nxe4 5. d4 d5 6. Bd3 Be7 7. O-O Nc6 8. c4
Nb4 9. cxd5 Nxd3 10. Qxd3 Qxd5 11. Re1 Bf5 12. g4 Bg6 13. Ne5 Nxf2 14. Qg3 Ne4
15. Nc3 Nxc3 16. bxc3 Kf8 17. Qe3 Re8 18. Ba3 Qd8 19. Bxe7+ Rxe7 20. Qf3 c6 21.
Re2 Kg8 22. Rae1 Re6 23. Nxg6 Rxe2 24. Qxe2 hxg6 25. Qe8+ Kh7 26. Qxd8 Rxd8 27.
Re7 b5 28. Rxf7 b4 1/2-1/2

[Event "Chess Festival 2008 - IM Dopravni Stavb"]
[Site "Brno CZE"]
[Date "2008.06.28"]
[Round "3.6"]
[White "Narayanan, Srinath"]
[Black "Vesely, Jaromir"]
[Result "1-0"]
[WhiteElo "2220"]
[BlackElo "2074"]
[PlyCount "59"]
[EventDate "2008.06.27"]
[EventType "tourn"]
[EventRounds "11"]
[EventCountry "CZE"]
[Source "lmi"]
[SourceDate "2008.06.27"]

1. e4 e6 2. d4 d5 3. e5 c5 4. c3 Nc6 5. Nf3 Bd7 6. a3 Qb6 7. b4 cxd4 8. cxd4
Nge7 9. Be3 Nf5 10. Bd3 g6 11. O-O Be7 12. Nc3 Nxe3 13. fxe3 O-O 14. Ra2 Rac8
15. Na4 Qd8 16. Nc5 Rc7 17. Raf2 Bc8 18. Qb1 b6 19. Nb3 f5 20. exf6 Bxf6 21. b5
Ne7 22. g4 Bg7 23. Qe1 e5 24. Nxe5 Rxf2 25. Qxf2 Bxe5 26. dxe5 Bxg4 27. Qf7+
Kh8 28. Qf6+ Kg8 29. Rf4 Bc8 30. Bxg6 1-0

[Event "Chess Festival 2008 - IM Dopravni Stavb"]
[Site "Brno CZE"]
[Date "2008.06.29"]
[Round "4.1"]
[White "Murdzia, Piotr"]
[Black "Vesely, Jaromir"]
[Result "1-0"]
[WhiteElo "2471"]
[BlackElo "2074"]
[PlyCount "81"]
[EventDate "2008.06.27"]
[EventType "tourn"]
[EventRounds "11"]
[EventCountry "CZE"]
[Source "lmi"]
[SourceDate "2008.06.27"]

1. e4 e6 2. d4 d5 3. Nc3 Nf6 4. Bg5 Be7 5. e5 Nfd7 6. Bxe7 Qxe7 7. f4 a6 8. Nf3
c5 9. Qd2 Nc6 10. O-O-O g6 11. Kb1 b5 12. dxc5 Qxc5 13. Ne2 Nb6 14. Ned4 Nxd4
15. Nxd4 Bd7 16. g4 O-O-O 17. Be2 Nc4 18. Qe1 Kb7 19. c3 Rb8 20. h4 Kc7 21. Qg1
Qb6 22. b3 Rb7 23. Ka1 Qa5 24. Rc1 Rhb8 25. h5 Qa3 26. Rc2 g5 27. bxc4 bxc4 28.
Qc1 Qa5 29. Bf3 Ba4 30. Qa3 Qb6 31. Rcc1 gxf4 32. g5 Bd7 33. g6 fxg6 34. hxg6
hxg6 35. Bg4 Qb2+ 36. Qxb2 Rxb2 37. Rh7 Rg2 38. Bxe6 Rbb2 39. Rxd7+ Kc8 40.
Ra7+ Kd8 41. Nc6+ 1-0

[Event "Chess Festival 2008 - IM Dopravni Stavb"]
[Site "Brno CZE"]
[Date "2008.06.29"]
[Round "4.2"]
[White "Splosnov, Sergei"]
[Black "Narayanan, Srinath"]
[Result "1/2-1/2"]
[WhiteElo "2355"]
[BlackElo "2220"]
[PlyCount "37"]
[EventDate "2008.06.27"]
[EventType "tourn"]
[EventRounds "11"]
[EventCountry "CZE"]
[Source "lmi"]
[SourceDate "2008.06.27"]

1. Nf3 c5 2. c4 Nc6 3. Nc3 e5 4. e3 Nf6 5. d4 cxd4 6. exd4 e4 7. Ne5 Bb4 8. Be2
Qa5 9. Nxc6 dxc6 10. Qc2 O-O 11. O-O Re8 12. Bf4 Qd8 13. Rad1 Bd6 14. Qd2 Bf5
15. d5 Qe7 16. Bxd6 Qxd6 17. dxc6 Qxc6 18. Nd5 Nxd5 19. cxd5 1/2-1/2

[Event "Chess Festival 2008 - IM Dopravni Stavb"]
[Site "Brno CZE"]
[Date "2008.06.29"]
[Round "4.3"]
[White "Holemar, David"]
[Black "Janko, Zoltan"]
[Result "1/2-1/2"]
[WhiteElo "2321"]
[BlackElo "2235"]
[PlyCount "110"]
[EventDate "2008.06.27"]
[EventType "tourn"]
[EventRounds "11"]
[EventCountry "CZE"]
[Source "lmi"]
[SourceDate "2008.06.27"]

1. d4 Nf6 2. c4 g6 3. Nc3 d5 4. e3 Bg7 5. Qb3 dxc4 6. Bxc4 O-O 7. Nf3 a6 8. Be2
c5 9. dxc5 Qa5 10. O-O Nfd7 11. e4 Nxc5 12. Qc2 Nc6 13. Be3 Nb4 14. Qb1 Na4 15.
Nxa4 Qxa4 16. a3 Nc6 17. b3 Qa5 18. Ra2 Bg4 19. b4 Qc7 20. Rc2 Bxf3 21. Bxf3
Qe5 22. Rd1 Rfd8 23. Rd5 Rxd5 24. exd5 Nd4 25. Bxd4 Qxd4 26. Rc7 Be5 27. Rxe7
Kf8 28. d6 Bxh2+ 29. Kf1 Bxd6 30. Rxb7 Qc4+ 31. Kg1 Qf4 32. Rxf7+ Kxf7 33. Bd5+
Kg7 34. g3 Qf8 35. Qb2+ Kh6 36. Bxa8 Bxb4 37. axb4 Qxa8 38. Qf6 Qe4 39. Qf8+
Kg5 40. Kh2 Kh5 41. Qg7 g5 42. Qf6 Qg6 43. Qf8 g4 44. Qf4 Qg5 45. Qc4 Qh6 46.
Kg2 Qf6 47. Qe4 h6 48. Kf1 Kg5 49. Kg1 h5 50. Kg2 Qf5 51. Qe3+ Kg6 52. Qe8+ Kg5
53. Qg8+ Qg6 54. Qf8 Qf6 55. Qc5+ Kg6 1/2-1/2

[Event "Chess Festival 2008 - IM Dopravni Stavb"]
[Site "Brno CZE"]
[Date "2008.06.30"]
[Round "5.1"]
[White "Skacelik, Petr"]
[Black "Murdzia, Piotr"]
[Result "1/2-1/2"]
[WhiteElo "2260"]
[BlackElo "2471"]
[PlyCount "108"]
[EventDate "2008.06.27"]
[EventType "tourn"]
[EventRounds "11"]
[EventCountry "CZE"]
[Source "lmi"]
[SourceDate "2008.06.27"]

1. d4 g6 2. c4 Bg7 3. Nc3 c5 4. d5 Bxc3+ 5. bxc3 f5 6. e4 fxe4 7. f3 e5 8. h4
Nf6 9. Bh6 d6 10. Qd2 Nbd7 11. Nh3 exf3 12. gxf3 Nh5 13. Bd3 Ndf6 14. O-O-O
Bxh3 15. Rxh3 Qd7 16. Rh2 O-O-O 17. Bf1 Kb8 18. Qc2 Ng7 19. Bh3 Qf7 20. f4 e4
21. Re1 Nf5 22. Bg5 Rde8 23. Rhe2 h6 24. Bxf6 Qxf6 25. Rxe4 Rxe4 26. Rxe4 Qxh4
27. Bxf5 gxf5 28. Re6 Qxf4+ 29. Kb2 Rg8 30. Qe2 a6 31. Re8+ Rxe8 32. Qxe8+ Ka7
33. Kb3 Qe5 34. Qd8 f4 35. a4 Qf5 36. Qxd6 Qb1+ 37. Ka3 f3 38. Qxc5+ Qb6 39.
Qf8 Qe3 40. Kb3 f2 41. d6 Qb6+ 42. Kc2 f1=R 43. Qxf1 Qxd6 44. Qg1+ Qb6 45. Qh2
Qg6+ 46. Kb2 Kb6 47. Qe5 Kc6 48. a5 Qg5 49. Qe8+ Kc7 50. Qf7+ Kb8 51. Qf8+ Kc7
52. Qf7+ Kb8 53. Qf8+ Kc7 54. Qf7+ Kb8 1/2-1/2

[Event "Chess Festival 2008 - IM Dopravni Stavb"]
[Site "Brno CZE"]
[Date "2008.06.30"]
[Round "5.2"]
[White "Zavadil, Michal"]
[Black "Kozak, Milos"]
[Result "1/2-1/2"]
[WhiteElo "2113"]
[BlackElo "2197"]
[PlyCount "46"]
[EventDate "2008.06.27"]
[EventType "tourn"]
[EventRounds "11"]
[EventCountry "CZE"]
[Source "lmi"]
[SourceDate "2008.06.27"]

1. d4 Nf6 2. c4 e6 3. Nc3 Bb4 4. e3 c5 5. Bd3 Nc6 6. Nf3 Bxc3+ 7. bxc3 d6 8.
O-O e5 9. d5 Ne7 10. Nd2 O-O 11. f4 exf4 12. exf4 Bf5 13. Nf3 Qd7 14. h3 h5 15.
Be3 Rfe8 16. Nh4 g6 17. Bf2 Bxd3 18. Qxd3 Nf5 19. Rfe1 Kg7 20. Qf3 Nxh4 21.
Bxh4 Qf5 22. Bxf6+ Kxf6 23. Re3 Kg7 1/2-1/2

[Event "Chess Festival 2008 - IM Dopravni Stavb"]
[Site "Brno CZE"]
[Date "2008.06.30"]
[Round "5.3"]
[White "Lahner, Jakub"]
[Black "Andonov, Bogomil"]
[Result "1/2-1/2"]
[WhiteElo "2314"]
[BlackElo "2334"]
[PlyCount "40"]
[EventDate "2008.06.27"]
[EventType "tourn"]
[EventRounds "11"]
[EventCountry "CZE"]
[Source "lmi"]
[SourceDate "2008.06.27"]

1. d4 Nf6 2. c4 c5 3. d5 a6 4. Nc3 e5 5. a4 Bd6 6. e4 Bc7 7. g3 Ba5 8. Bg2 d6
9. Bd2 Nbd7 10. Nge2 Nf8 11. O-O Ng6 12. Na2 Bxd2 13. Qxd2 a5 14. Nac3 O-O 15.
Nd1 b6 16. f3 Ra7 17. Nf2 Ne8 18. Bh3 Re7 19. Nc3 Nh8 20. Kg2 Bxh3+ 1/2-1/2

[Event "Chess Festival 2008 - IM Dopravni Stavb"]
[Site "Brno CZE"]
[Date "2008.06.30"]
[Round "5.4"]
[White "Janko, Zoltan"]
[Black "Chladek, Vaclav"]
[Result "1-0"]
[WhiteElo "2235"]
[BlackElo "2161"]
[PlyCount "49"]
[EventDate "2008.06.27"]
[EventType "tourn"]
[EventRounds "11"]
[EventCountry "CZE"]
[Source "lmi"]
[SourceDate "2008.06.27"]

1. e4 e5 2. Nf3 Nc6 3. d4 exd4 4. Nxd4 Nf6 5. Nxc6 bxc6 6. e5 Qe7 7. Qe2 Nd5 8.
c4 Nb6 9. Nc3 d6 10. exd6 Qxe2+ 11. Bxe2 cxd6 12. O-O Be7 13. Re1 Be6 14. Bf3
Rc8 15. b3 Bf6 16. Bd2 O-O 17. Rac1 Rfd8 18. Ne4 Bd4 19. Bg5 Rd7 20. Nxd6 Rxd6
21. c5 Rd5 22. cxb6 Rxg5 23. b7 Rd8 24. Rxc6 Rc5 25. Rd6 1-0

[Event "Chess Festival 2008 - IM Dopravni Stavb"]
[Site "Brno CZE"]
[Date "2008.06.30"]
[Round "5.5"]
[White "Narayanan, Srinath"]
[Black "Holemar, David"]
[Result "1-0"]
[WhiteElo "2220"]
[BlackElo "2321"]
[PlyCount "129"]
[EventDate "2008.06.27"]
[EventType "tourn"]
[EventRounds "11"]
[EventCountry "CZE"]
[Source "lmi"]
[SourceDate "2008.06.27"]

1. e4 c5 2. Nf3 Nc6 3. d4 cxd4 4. Nxd4 e5 5. Nb5 d6 6. c4 Be7 7. N1c3 a6 8. Na3
Nf6 9. Be2 Nd4 10. Nc2 Nxe2 11. Qxe2 Bg4 12. Qd3 Be6 13. O-O Rc8 14. b3 O-O 15.
Bb2 Qa5 16. Ne3 b5 17. Ncd5 Nxd5 18. cxd5 Bd7 19. f4 f6 20. a3 Qb6 21. Kh1 Qa7
22. f5 Bd8 23. Rae1 Bb6 24. Rf3 Rc7 25. g4 Bd4 26. Bxd4 Qxd4 27. Qxd4 exd4 28.
Nd1 b4 29. a4 Rc1 30. Rd3 Rfc8 31. Rg1 Rb1 32. Nf2 Rb2 33. Nd1 Rb1 34. Nf2 Rcc1
35. Rxc1 Rxc1+ 36. Kg2 Rb1 37. Nd1 a5 38. Kf2 Kf7 39. Ke1 Bc8 40. Rxd4 Ba6 41.
Rd2 Rxb3 42. Rc2 Bd3 43. Rc7+ Ke8 44. Nf2 Bxe4 45. Nxe4 Re3+ 46. Kd2 Rxe4 47.
Rxg7 Rd4+ 48. Kc2 h6 49. Rg6 Kf7 50. Rxh6 Rxd5 51. Rh7+ Ke8 52. h4 Rc5+ 53. Kb2
d5 54. Rh8+ Ke7 55. g5 fxg5 56. hxg5 d4 57. f6+ Kf7 58. Rh7+ Kg6 59. Rg7+ Kh5
60. f7 Rf5 61. g6 Rf2+ 62. Kc1 b3 63. Rg8 Rf1+ 64. Kb2 d3 65. f8=Q 1-0